特急「ひだ」の停車駅 - Statistics

General Stats
  • This quiz has been taken 183 times
  • The average score is 19 of 23
Answer Stats
停車駅 % Correct
名古屋
99%
岐阜
98%
高山
97%
京都
97%
富山
96%
大阪
96%
米原
95%
大垣
94%
新大阪
94%
草津
92%
下呂
90%
尾張一宮
89%
猪谷
86%
美濃太田
86%
飛騨古川
77%
越中八尾
74%
鵜沼
72%
速星
68%
白川口
68%
飛騨金山
59%
久々野
52%
飛騨小坂
52%
飛騨萩原
50%
No matching quizzes found
Score Distribution
Percent of People with Each Score
Percentile by Number Answered
Your Score History
You have not taken this quiz